000
00304nam a2200109 4500
008
180212b xxu||||| |||| 00| 0 eng d
245
_a
Technology as a tool for financial inclusion.
260
_a
Philippines
_b
Manila Bulletin
_c
c2017
300
_a
page 4.
650
0
_9
26345
_a
Technology.
942
_2
ddc
_c
PER
999
_c
8549
_d
8549